01126nam a2200193Ia 4500001001000000003001000010008004100020040002500061041001300086100002200099245002500121250001100146260007900157300002800236500026200264501011400526520026200640650003000902L220-4502IT-CnALBA170116s9999||||xx |||||||||||||| ||und|| aIT-CnALBAcIT-CnALBA aITALIANO aMARCONCINI BENITO 0aINVITO ALLA BIBBIA.  a1a ed. a ROMAbCENTRO UT UNUM SINT c1974 [1° Ed.:1974 - Ed.Ling.Originale: 1974] a402 p. (prefazione: 34) aMETODOLOGIA. CREAZIONE. ESODO, ALLEANZA, DONO DELLA TERRA, RE E PROFETI PER IL POPOLO DI DIO, PECCATO E CONVERSIONE, SALVEZZA, INCARNAZIONE, MINISTERO DI GESÙ. PASSIONE, RISURREZIONE, SPIRITO DI COMUNIONE E AMORE. CHIESA, REGNO E FAMIGLIA DI DIO. LAMI LOR aSocietà San Paolo EM - Piazza San Paolo, 14 - 12051 ALBA (CN) (non commercial uses only) ® Copyright 2017 aMETODOLOGIA. CREAZIONE. ESODO, ALLEANZA, DONO DELLA TERRA, RE E PROFETI PER IL POPOLO DI DIO, PECCATO E CONVERSIONE, SALVEZZA, INCARNAZIONE, MINISTERO DI GESÙ. PASSIONE, RISURREZIONE, SPIRITO DI COMUNIONE E AMORE. CHIESA, REGNO E FAMIGLIA DI DIO. LAMI LOR aBIBBIA - TESTI E COMMENTI